[Event "Hoogovens-B"]
[Site "Wijk aan Zee"]
[Date "1997.01.26"]
[Round "5"]
[White "Nijboer, Friso"]
[Black "Van der Wiel, John"]
[Result "1-0"]
[WhiteElo "2555"]
[BlackElo "2555"]
[Annotator "Gutman,L"]
[PlyCount "65"]
[EventDate "1997.01.21"]
[EventType "tourn"]
[EventRounds "11"]
[EventCountry "NED"]
[EventCategory "10"]
[SourceTitle "CBM 057"]
[Source "ChessBase"]
[SourceDate "1997.04.01"]
[SourceVersion "1"]
[SourceVersionDate "1997.04.01"]
[SourceQuality "1"]

1. e4 c5 2. Nf3 d6 3. d4 cxd4 4. Nxd4 Nf6 5. Nc3 a6 6. f4 Nbd7 7. Be2 e5 8.
fxe5 dxe5 9. Nf5 Qb6 10. Bf3 (10. Nd5 Nxd5 11. Qxd5 Qc5 12. Qb3 Nf6 13. Bc4
Qb4+ 14. Qxb4 Bxb4+ 15. c3 Bf8 {brachte Weiß nichts ein in Kasparov- Gelfand/
Horgen/1994/.}) 10... Nc5 11. Ne3 Be6 12. O-O Rd8 13. Qe1 {Von G. Kasparow
empfohlen,mit etwas besseren Aussichten für Weiß."Das muß geprüft sein,obwohl
es ist schwer zu sehen,was Schwarz gegen das logischen Kh1 nebst Ned5
unternehmen kann"J.Nunn.} Bd6 14. Kh1 O-O 15. a3 $5 (15. Ned5 $6 {führt zu
besseren Spiel für Schwarz,15. ...} Bxd5 16. Nxd5 Nxd5 17. exd5 e4) 15... Qc6 (
15... a5 16. Rb1 a4 17. Ned5 $6 Bxd5 18. Nxd5 Nxd5 19. exd5 f5 (19... e4 20.
Bxe4 Rde8 21. Be3 {Verdiente den Vorzug.})) 16. b4 Ncd7 (16... Ncxe4 17. Ned1
Bd5 (17... Bf5 $2 18. Bg5) 18. Nxd5 Qxd5 19. Nc3 Qd4 20. Nxe4 Nxe4 (20... Qxa1
$2 21. Nxf6+ gxf6 22. Be4) 21. Be3 Qc4 22. Bb6 {mit weißem Vorteil.}) 17. g4
Nb6 18. g5 Nfd7 19. Ncd5 Rfe8 (19... f5 20. gxf6 Nxf6 21. c4 Nxc4 22. Nxc4 Qxc4
23. Nxf6+ Rxf6 24. Bg5) 20. Rb1 Nc4 21. Rb3 Nxe3 22. Rxe3 Rc8 (22... Qxc2 23.
Nc3 Be7 24. Rf2 Qb3 25. Nd5 Qb1 26. Rb2) 23. Rf2 Nb6 24. Rc3 Bxd5 $2 (24... Nc4
25. Rd2 b5 26. Be2) 25. Rxc6 Bxc6 26. h4 Rc7 27. h5 Ba4 28. g6 $18 fxg6 29.
hxg6 hxg6 30. Qg1 Rf8 31. Bg4 Re8 32. Qd1 Be7 $2 33. Be6+ 1-0

[Event "Linares 14th"]
[Site "Linares"]
[Date "1997.02.15"]
[Round "10"]
[White "Polgar, Judit"]
[Black "Gelfand, Boris"]
[Result "1/2-1/2"]
[WhiteElo "2645"]
[BlackElo "2700"]
[Annotator "Gutman,L"]
[PlyCount "47"]
[EventDate "1997.02.04"]
[EventType "tourn"]
[EventRounds "11"]
[EventCountry "ESP"]
[EventCategory "18"]
[SourceTitle "CBM 057"]
[Source "ChessBase"]
[SourceDate "1997.04.01"]
[SourceVersion "1"]
[SourceVersionDate "1997.04.01"]
[SourceQuality "1"]

1. e4 c5 2. Nf3 d6 3. d4 cxd4 4. Nxd4 Nf6 5. Nc3 a6 6. f4 e5 7. Nf3 Nbd7 8. a4
Be7 9. Bd3 O-O 10. O-O exf4 11. Kh1 Nh5 {Eine Idee von A. Schneider. Schwarz
will nicht unbedingt den Pf4 verteidigen, sondern Zeit gewinnen.} 12. Nd4 $5 (
12. Nd5 {Scheint weniger zu versprechen, ist aber interessant.}) (12. a5 $5
Ndf6 13. Nd2 Bg4 14. Be2 Bxe2 15. Qxe2 Rc8 16. Nc4 g5 17. b3 Re8 18. Bb2 Bf8
19. Rad1 $44) 12... Ndf6 13. Be2 g6 14. Bxh5 Nxh5 15. Nd5 Bg5 (15... Nf6 16.
Bxf4 $1 Nxd5 17. exd5 Bf6 {,Delchev-Psachis,Andorra 1996,kann Weiß mit} 18. c3
Re8 19. a5 Be5 20. Ra4 $5 {mit besseren Chancen für sich beantworten,Gutman.})
16. Qf3 ({Meiner Meinung nach versprach} 16. Nxf4 Nxf4 17. Bxf4 Bxf4 18. Rxf4
Qe8 19. Qd2 Bd7 20. b3 Rc8 {mehr, Z. Almasi-Schneider,Cattolica 1993,} 21. c4
Rc5 22. Ne2 {mit weißen Druckspiel.}) 16... Bd7 17. Ne2 Bc6 18. Nexf4 Nxf4 19.
Bxf4 Bxd5 20. exd5 Rc8 21. c3 Bxf4 22. Qxf4 Rc7 23. Rae1 Re7 24. h3 1/2-1/2

[Event "Bad Homburg"]
[Site "Bad Homburg"]
[Date "1997.??.??"]
[Round "6"]
[White "Kindermann, Stefan"]
[Black "Xu, Jun"]
[Result "1-0"]
[WhiteElo "2570"]
[BlackElo "2505"]
[Annotator "Gutman,L"]
[PlyCount "101"]
[EventDate "1997.07.26"]
[EventType "tourn"]
[EventRounds "9"]
[EventCountry "GER"]
[EventCategory "14"]
[SourceTitle "CBM 060"]
[Source "ChessBase"]
[SourceDate "1997.09.29"]
[SourceVersion "1"]
[SourceVersionDate "1997.09.29"]
[SourceQuality "1"]

1. e4 {Fritz} c5 2. Nf3 d6 3. d4 cxd4 4. Nxd4 Nf6 5. Nc3 a6 6. f4 e5 7. Nf3
Nbd7 8. a4 Be7 9. Bd3 O-O 10. O-O exf4 11. Bxf4 Nc5 12. Kh1 Bd7 13. Qe2 (13.
Qd2 Rc8 14. Rfe1 Re8 15. a5 h6 16. Bf1 Bf8 17. e5 dxe5 18. Nxe5 {1-0 Adams,
M-Morovic Fernandez,I/Santiago m 1997/CBM 57/[Tyomkin,D] (35)}) 13... Re8 ({
Eine "Verbesserung" gegenüber} 13... Rc8 $5 {,oder nicht?}) 14. Bc4 (14. a5 Rc8
15. Be3 Bf8 16. Bg5 Be7 17. Nd2 Bc6 18. Qf2 Rf8 19. Qf5 Bd7 20. Qf3 Bc6 21. Qf5
Bd7 22. Qf3 Bc6 {1/2-1/2 Psakhis,L-Pigusov,E/URS-FL Irkutsk 1986/TD 86\01}) (
14. Nd4 Rc8 15. a5 b6 16. axb6 Qxb6 17. e5 Nxd3 18. Qxd3 dxe5 19. Bxe5 Ng4 20.
Bg3 Qxb2 21. Nd5 Bf6 22. Rab1 Qa2 23. Nf5 Be6 24. Nxf6+ Nxf6 25. Nxg7 {1-0
Glek,I-Ehlvest,J/URS-chJ U20 Lvov 1985/MCD-ch (28)}) 14... h6 {Überdeckt g5}
15. b4 Ne6 (15... Ncxe4 $5 {Fritz 5.00 (100s)} 16. Nxe4 (16. Bxf7+ Kxf7 17.
Nxe4 Bf8 18. Bg3 Nxe4 19. Ng5+ Kg6 20. Qd3 (20. Nxe4 d5) 20... Kxg5 $17) 16...
d5 17. Ne5 dxc4 18. Rad1 $11 Qc8 19. Nxd7 Nxd7 20. Bxh6) 16. Bd2 Nf8 17. Qd3
Be6 {Diese Stellung hatte Schwarz angestrebt. Aber verspricht sie Schwarz auch
genügend Gegenspiel?} 18. Nd4 (18. Bxe6 {Fritz 5.00 (100s)} Nxe6 19. Nd5 a5 $14
) 18... Bxc4 19. Qxc4 Rc8 20. Qd3 Ng6 (20... d5 {Fritz 5.00 (100s)} 21. e5 Ng4
22. Qf5 Nxe5 23. Qxe5 $11) 21. Nf5 {Der isolierte Bauer d6 gerät unter Druck}
Bf8 22. Rac1 Re5 (22... d5 23. Nxd5 Nxe4 24. Be3) 23. Be3 d5 24. Bd4 $5 ({
Eine riskante Entscheidung!} 24. Rcd1 $5 Bxb4 (24... Nxe4 {Fritz 5.00 (100s)}
25. Nxd5 Bd6 $11) 25. Nxd5 Nxd5 26. c4 {mit besseren Aussichten für Weiß.} Rxf5
$1 {Fritz} 27. exf5 Nxe3 28. Qxd8+ Rxd8 29. Rxd8+ Nf8 30. Rf4 $13) 24... dxe4
25. Qh3 Re6 $2 (25... Bxb4 $142 $5 26. Bxe5 Nxe5 27. Qg3 Ng6 {mit guten Spiel
für Schwarz.}) 26. Bxf6 gxf6 (26... Qxf6 $4 {Fritz 5.00 (100s)} {[%tqu "En","",
"","","f5h6","",10]} 27. Nxh6+ $1 {hübsch} gxh6 28. Rxf6 Rxf6 29. Qxc8 $18) (
26... Rxf6 {Fritz 5.00 (100s) verbietet sich, da} {[%tqu "En","","","","f5h6",
"",10]} 27. Nxh6+ gxh6 28. Rxf6 $14) 27. Rcd1 Qe8 28. Nd5 Rxc2 (28... Qc6 {
Fritz 5.00 (100s)} 29. Nxh6+ Bxh6 30. Qxh6 $16) 29. Nd4 {hält den Vorteil fest}
e3 30. Nxe6 {zementiert den Vorteil} ({Schwächer ist} 30. Nxc2 {Fritz 5.00 
(100s)} e2 31. a5 Bg7 $15) 30... Qxe6 31. Qxe6 fxe6 32. Nxe3 Re2 33. Rxf6 {
und als "Bestrafung" hat Schwarz die Qualität ohne Kompensation verloren.} Ne5
34. Ng4 (34. Nf1 {Fritz 5.00 (100s)} Bxb4 35. Rxe6 Kf7 $18) 34... Nxg4 35. Rg6+
Kf7 36. Rxg4 e5 (36... Be7 {Fritz 5.00 (100s)} 37. Rf1+ Ke8 38. b5 axb5 39.
axb5 $18) 37. Kg1 Be7 38. Rd7 b5 39. axb5 axb5 40. Rb7 h5 41. Rh4 Ke6 42. Rxh5
Bxb4 43. Rxb5 Bc3 44. g4 Bd4+ 45. Kf1 Rf2+ 46. Ke1 Rf6 47. Ke2 Kf7 48. h3 Kg6
49. Kd3 Rf3+ 50. Ke4 Rf4+ 51. Kd5 (51. Kd5 Rf8 52. Rb7 $18) 1-0

[Event "RUS-ch"]
[Site "Elista"]
[Date "1996.??.??"]
[Round "5"]
[White "Dvoirys, Semen I"]
[Black "Loginov, Valery A"]
[Result "1-0"]
[WhiteElo "2570"]
[BlackElo "2525"]
[Annotator "Gutman,L"]
[PlyCount "69"]
[EventDate "1996.10.15"]
[EventType "swiss"]
[EventRounds "11"]
[EventCountry "RUS"]
[SourceTitle "CBM 056"]
[Source "ChessBase"]
[SourceDate "1997.02.01"]
[SourceVersion "1"]
[SourceVersionDate "1997.02.01"]
[SourceQuality "1"]

1. e4 c5 2. Nf3 d6 3. d4 cxd4 4. Nxd4 Nf6 5. Nc3 a6 6. f4 e5 7. Nf3 Nbd7 8. a4
Be7 9. Bd3 O-O 10. O-O Nc5 11. Kh1 d5 12. Nxe5 Ncxe4 {Eine Spezialität von
Loginov.} 13. Be3 {J. Nunn in "Beating the Sizilian 3" gibt nach} (13. Bxe4
dxe4 14. Qe2 {als vorteilhaft für Weiß. Schwarz erreicht aber mit} Qc7 $1 {
ausreichendes Gegenspiel.} (14... Bf5 15. g4 Bc8 16. Rd1 Qe8 17. g5 $16 {
Kengis-Loginov,Pavlodar 1987,}) (14... Qd4 15. Rd1 Qb4 16. a5 Bd8 17. Ra4 Qe7
18. b3 $16) 15. g4 (15. Nxe4 Bf5 16. Nxf6+ Bxf6 17. c4 Rfe8) 15... Bd6 16. g5
Bxe5 17. fxe5 Ng4 $132) 13... Bf5 (13... Nxc3 14. bxc3 Re8 15. Bd4 Bd6 16. Rb1
Qc7 (16... Qa5 17. Bb6) 17. Qf3 Ne4 18. Nc4 {Und Weiß hat mehr von Spiel.}) 14.
Bd4 Rc8 $11 15. Nxe4 Bxe4 (15... dxe4 $142 16. Bc4 (16. Be2 Bc5) 16... Ng4 $1)
16. c3 Bc5 17. Bxc5 Rxc5 18. Qe2 {Mit etwas Druckpiel für Weiß.} Qb6 19. Rad1
Qb3 20. Bxe4 dxe4 21. Rd4 a5 22. g3 b5 23. axb5 Rxb5 (23... Qxb5 $142) 24. Nc4
a4 25. Ra1 Rbb8 26. Qd1 Qb5 27. Rxa4 Ng4 28. Kg1 Qh5 29. Qe2 $18 f5 30. Ne5
Nxe5 31. Qxh5 Nf3+ 32. Kh1 Rxb2 33. Rd1 Rf2 34. Ra7 e3 35. Rxg7+ (35. Rxg7+
Kxg7 36. Rd7+ Kf6 37. Qh6#) 1-0

[Event "RUS-Cup10"]
[Site "Tomsk"]
[Date "1997.07.25"]
[Round "4"]
[White "Dvoirys, Semen I"]
[Black "Averchenko, Sergej"]
[Result "1-0"]
[WhiteElo "2615"]
[BlackElo "2305"]
[Annotator "Gutman,L"]
[PlyCount "137"]
[EventDate "1997.07.21"]
[EventType "swiss"]
[EventRounds "9"]
[EventCountry "RUS"]
[SourceTitle "EXT 2000"]
[Source "ChessBase"]
[SourceDate "1999.11.16"]
[SourceVersion "1"]
[SourceVersionDate "1999.11.16"]
[SourceQuality "1"]

1. e4 {Gershon} c5 2. Nf3 d6 3. d4 cxd4 4. Nxd4 Nf6 5. Nc3 a6 6. f4 e5 7. Nf3
Nbd7 8. a4 Be7 9. Bd3 O-O 10. O-O exf4 (10... Nc5 {Gershon}) 11. Kh1 Nh5 12.
Nd4 $5 (12. Nd5 Nc5 $5 13. Nd4 Nf6 (13... g6 {Gershon} 14. Nxf4 Nxf4 15. Bxf4
Bg5 16. Qd2 Bxf4 17. Qxf4 Ne6 18. Qf2 Nxd4 19. Qxd4 Be6 20. a5 $14 {= Dvoirys,
S-Shneider,A/Podolsk 1993 (26)}) 14. Rxf4 (14. Nc3 $5) 14... Nxd5 15. exd5 Bg5
16. Rf3 Bf6 {stellt keine Probleme für Schwarz,Votava-Stohl,Olomouc 1997})
12... Ndf6 (12... g6 $5 {Gershon} 13. Nf5 Bg5 14. Be2 Ndf6 15. Nxd6 Qe7 16.
Nxc8 Raxc8 17. Bd3 Rfe8 18. Qf3 Qe5 19. Bd2 Kg7 20. Rae1 Bh6 21. Nd5 g5 22. g4
fxg3 23. Nxf6 Nxf6 24. hxg3 Re6 25. Kg2 g4 $14 {1-0 Dvoirys,S-Sotnikov,I/
RUS-chT Moscow 1994 (31)}) 13. Nf5 $5 ({Ein neuer Versuch,aber} 13. Be2 g6 14.
Bxh5 (14. Nf5 {Gershon} Be6 15. Nxe7+ Qxe7 16. b3 Rac8 17. Qd4 Bg4 18. Nd5 Qe5
19. Qxe5 dxe5 20. Bxg4 Nxg4 21. Ne7+ $18 {Bielczyk,J-Wojtkiewicz,A/POL-chT
Lubniewice 1995/EXT 95ch/1/2-1/2 (64)}) 14... Nxh5 15. Nd5 {,wie J.Polgar
spielte,gefällt mir mehr.} (15. Nd5 Bg5 16. Qf3 Bd7 17. Ne2 Bc6 18. Nexf4 Nxf4
19. Bxf4 Bxd5 20. exd5 Rc8 21. c3 Bxf4 22. Qxf4 Rc7 23. Rae1 Re7 24. h3 {
1/2-1/2 Polgar,J-Gelfand,B/Ciudad de Linares14th 1997/CBM 57/})) 13... g6 (
13... Bxf5 14. exf5 d5 15. Be2 d4 16. Nb1 g6 17. fxg6 hxg6 18. Bxf4 Nxf4 19.
Rxf4 Bc5 20. Bc4 {verspricht Weiß etwas besseren Aussichten.}) 14. Nxe7+ Qxe7
15. Bxf4 Nxf4 16. Rxf4 {[#] Die kritische Stellung. 16. ...} Be6 (16... Qe5 $5
{war aktiver,} 17. Qf1 Kg7 18. Qf2 Nh5 19. Rh4 Bd7 20. Rf1 Bc6 {mit
ausreichende Gegenspiel.}) 17. Qe2 Rac8 $2 (17... Nd7 $5 {war gefragt.}) 18. e5
$1 Nd5 {Gershon: Throws the game away.} (18... dxe5 $142 {Gershon} 19. Qxe5 Nd7
$11 (19... Kg7 $4 20. Nd5 $1 $18)) 19. Nxd5 Bxd5 20. Rd4 Bc6 (20... Qe6 {
Gershon} 21. c4 Bc6 22. exd6 $18) 21. exd6 {mit weißen Vorteil. 21. ...} Qg5
22. Bc4 $6 {Gershon: The best defence is offence! As opposed to black's
threats on g2 white attacks the f7 square , this along with advancing the
extra d pawn should give white the decisive edge.} (22. Qg4 $5 Qe5 23. Rf1 {
wirkt überzeugender.}) (22. Be4 $2 {Gershon} Qe5 23. c3 Rfe8 24. Re1 Rcd8 $132
{[%cal Ge8e1]}) (22. Rd1 {Gershon} Rfe8 23. Qg4 Qxg4 24. Rxg4 Rcd8 25. Rd4 {
Was also possible}) 22... Rcd8 23. Bb3 Rfe8 24. Qf2 Rd7 25. Rf1 Kg7 26. Kg1 f5
27. c3 (27. Bd5 {Gershon} Rxd6 28. Bxc6 Rxc6 29. Rd7+ Re7 30. Qd4+ Kh6 $11)
27... Qf6 28. Rfd1 Qe5 29. g3 {Gershon: White defends the 'h2' pawn in order
to bring his king closer to the center (f1) where : 1.He helps to change the
pieces on the e file 2. After the queens are changed the king will be well
placed for the ending.} Kf6 {Weiß muß nun bestimmte technische Probleme
überwinden.} 30. Kf1 h5 31. R1d2 (31. Re1 $2 {Gershon} Bg2+ $1 32. Kxg2 Qxe1
33. Qxe1 Rxe1 $19) 31... a5 32. Bd1 $1 {Gershon: /\ Bf3 White bishop has
nothing to do anymore on the a2-g8 diagonal while his opponent disturbs
white's king in many variations.} (32. Re2 {Gershon} Qxe2+ 33. Qxe2 Rxe2 34.
Kxe2 Ke5 $11) 32... Kg7 33. Bf3 Bxf3 34. Qxf3 Qe1+ 35. Kg2 {Gershon: The rest
is about a simple techniqe.} Re6 36. Qf2 Qe5 37. Qf3 Kf6 38. Qd3 Re8 39. Rd5
Qe4+ 40. Qxe4 fxe4 41. Kf1 (41. Rxa5 $6 {Gershon} e3 42. Re2 Rxd6 43. Kf3 Rd3 {
Gives black unassesary counterchances.}) 41... Re5 42. Ke2 {mit gewonnenen
Endspiel.} b6 43. Ke3 Re6 44. R2d4 Kf7 45. b4 axb4 46. cxb4 Re8 47. Rxe4 {
Gershon: As Capablanca once said " When you have an extra pawn wait a little
and then take another one..."} Ra8 48. a5 bxa5 49. bxa5 Ra6 50. Red4 Rc6 51.
Kd2 Ke6 52. h4 Kf7 53. Ra4 Ke6 54. Rd3 Ra6 55. Kc3 Rdxd6 56. Rxd6+ Kxd6 57. Kb4
Kc6 58. Kc4 Kc7 59. Kb5 Rf6 60. Rf4 Re6 61. Rf7+ Kb8 62. Rg7 Ka8 63. Kc5 Kb8
64. Kd5 Ra6 65. Ke4 Re6+ (65... Rxa5 {Gershon} 66. Rxg6 Kc7 67. Rg5 Ra3 68. Kf4
Ra4+ 69. Kf5 Ra3 70. Kg6 $18) 66. Kf4 Rf6+ 67. Kg5 Rf3 68. Rxg6 Rxg3+ 69. Kxh5
{und Schwarz gab endlich auf.} 1-0

[Event "RUS-ch"]
[Site "Elista"]
[Date "1996.??.??"]
[Round "5"]
[White "Sokolov, Andrei"]
[Black "Rashkovsky, Nukhim N"]
[Result "1/2-1/2"]
[WhiteElo "2585"]
[BlackElo "2530"]
[Annotator "Gutman,L"]
[PlyCount "73"]
[EventDate "1996.10.15"]
[EventType "swiss"]
[EventRounds "11"]
[EventCountry "RUS"]
[SourceTitle "CBM 056"]
[Source "ChessBase"]
[SourceDate "1997.02.01"]
[SourceVersion "1"]
[SourceVersionDate "1997.02.01"]
[SourceQuality "1"]

1. e4 c5 2. Nf3 d6 3. d4 cxd4 4. Nxd4 Nf6 5. Nc3 a6 6. f4 e5 7. Nf3 Nbd7 8. a4
Be7 9. Bd3 O-O 10. O-O exf4 11. Kh1 Ne5 12. Bxf4 Ng6 ({Ich bevorzuge} 12... Qc7
$5 13. Qd2 Be6 14. Nd4 Rfe8 {,Hjrtarsson -Woitkewicz,Reykjavik 1994.}) 13. Be3
(13. Bg3 Nh5 $1 14. Bf2 Nhf4 15. Nd4 {,Ulibin - Dvoiris ,UDSSR 1987, hat
Schwarz keine Probleme.}) 13... Be6 14. Nd4 Ne5 15. Nf5 ({Eine
schablonenartige Fortsetzung, ich empfehle} 15. a5 $5 Rc8 16. Na4 {mit etwas
besseren Aussichten für Weiß.}) 15... Bxf5 16. Rxf5 Re8 (16... Rc8 17. Bd4 {
mit Remis ,Hazai Gavrikov,Budapest 1988.}) 17. Qe2 Rc8 18. Raf1 g6 {Eine
Alternative bestand in dem Manöver 18. ...Qa5 nebst Qb4.} 19. R5f4 (19. R5f2
Neg4) 19... Nfd7 ({Schwarz will den Komplikationen nach} 19... Nh5 20. R4f2 Bh4
21. Nd5 Bxf2 22. Qxf2 Re6 (22... Rf8 23. Bd4 Ng7 24. Bb6) 23. g4 Ng7 24. h4 $5
{aus dem Weg gehen.}) 20. Bd4 (20. Nd5 $142 Bg5 21. R4f2 Bxe3 22. Nxe3 {
Und Weiß kann seinen kleinen Vorteil behaupten.}) 20... Bg5 21. R4f2 Nc6 22.
Be3 Bxe3 23. Qxe3 Nce5 24. h3 Qb6 25. Qxb6 Nxb6 26. a5 Nbc4 {Schwarz hat
ausreichendes Gegenspiel.} 27. Nd5 Kg7 28. b4 h5 29. Kg1 Rf8 30. Rb1 Na3 31.
Ra1 Nxd3 32. cxd3 Nb5 33. Raf1 Nd4 34. Nb6 Rc7 35. Nd5 Rcc8 36. Nb6 Rc7 37. Nd5
1/2-1/2

[Event "Olympiad-34"]
[Site "Istanbul"]
[Date "2000.11.10"]
[Round "13.4"]
[White "Dominguez Perez, Leinier"]
[Black "De Firmian, Nick E"]
[Result "1-0"]
[WhiteElo "2534"]
[BlackElo "2567"]
[Annotator "Hecht,H"]
[PlyCount "101"]
[EventDate "2000.10.28"]
[EventType "team-swiss"]
[EventRounds "14"]
[EventCountry "TUR"]
[SourceTitle "EXT 2001"]
[Source "ChessBase"]
[SourceDate "2000.11.22"]
[SourceVersion "1"]
[SourceVersionDate "2000.11.22"]
[SourceQuality "1"]
[WhiteTeam "Cuba"]
[BlackTeam "US of America"]
[WhiteTeamCountry "CUB"]
[BlackTeamCountry "USA"]

1. e4 c5 2. Nf3 d6 3. d4 cxd4 4. Nxd4 Nf6 5. Nc3 a6 6. f4 e5 7. Nf3 Nbd7 8. a4
Be7 9. Bd3 O-O 10. O-O exf4 11. Kh1 Nc5 12. Bxf4 Bg4 13. Qd2 Rc8 14. Rae1 Re8
15. Nd4 Qd7 16. a5 Bh5 17. Nf5 Bg6 18. Bg5 Bd8 19. Bxf6 Bxf6 20. Nd5 Bd8 21. b4
Nxd3 22. cxd3 Re5 23. Nfe3 Rc6 24. Nc4 Re8 25. Qf4 h6 26. Qg3 Bxe4 27. Ncb6
Rxb6 28. Nxb6 Bxb6 29. Rxe4 Rxe4 30. dxe4 Bd4 31. Qd3 Be5 32. Rc1 g6 33. Qh3
Qe7 34. Qxh6 Bg7 35. Rc8+ Bf8 36. Qf4 d5 37. Rc7 Qe6 38. e5 Bd6 39. Rxb7 {
Einer genauen Prüfung ist das Bauernendspiel (Gewinnidee: entfernter Freibauer)
zu unterziehen.} (39. Qxf7+ Qxf7 40. Rxf7 Kxf7 41. exd6 Ke6 42. Kg1 Kxd6 43.
Kf2 Ke5 44. Ke3 g5 45. h3 d4+ 46. Kd3 Kf4 47. Kxd4 Kg3 48. Ke5 Kxg2 49. Kf5
Kxh3 50. Kxg5 Kg3 51. Kf5 Kf3 52. Ke5 Ke3 53. Kd6 Kd4 54. Kc7 Kc4 55. Kxb7 Kb5
56. Ka7 $18) 39... Bxe5 40. Qf1 d4 41. b5 Qd5 42. bxa6 d3 43. Rb1 Kg7 44. Qf3
Qd4 45. Rf1 f5 46. Qb7+ Kh6 47. a7 d2 48. a8=Q d1=Q {[#] Mattfinale} 49. Qf8+
Kg5 (49... Bg7 50. Qbxg7+ Qxg7 51. Qxg7+ Kxg7 52. Rxd1 $18) 50. Qbe7+ Kg4 51.
h3+ 1-0

[Event "EU-Cup 09th Group6"]
[Site "Clichy"]
[Date "1993.09.18"]
[Round "2"]
[White "Hjartarson, Johann"]
[Black "Lendwai, Reinhard"]
[Result "1-0"]
[WhiteElo "2605"]
[BlackElo "2425"]
[Annotator "Hjartarson,J"]
[PlyCount "62"]
[EventDate "1993.09.17"]
[EventType "team-k.o."]
[EventRounds "3"]
[EventCountry "FRA"]
[SourceTitle "EXT 2020"]
[Source "ChessBase"]
[SourceDate "2019.10.17"]
[SourceVersion "1"]
[SourceVersionDate "2019.10.17"]
[SourceQuality "1"]
[WhiteTeam "Muenchen Bayern"]
[BlackTeam "Graz Merkur Versicherung"]
[WhiteTeamCountry "GER"]
[BlackTeamCountry "AUT"]

1. e4 c5 2. Nf3 d6 3. d4 cxd4 4. Nxd4 Nf6 5. Nc3 a6 6. f4 Nbd7 7. Be2 g6 $5 8.
Bf3 $5 $146 (8. O-O Bg7 9. Kh1 O-O 10. Bf3 Qc7 11. g4 $5 (11. a4 Re8 12. Nb3 $6
(12. Be3 $14) 12... Rb8 $1 13. a5 e6 14. Be3 b5 15. axb6 Nxb6 16. Na5 {1/2:1/2,
Almazi,Z-Bönsch,U Altensteig 1993} e5 $10) 11... e5 12. Nde2 exf4 13. g5 Ne8
14. Nxf4 Ne5 15. Nfd5 Qd8 16. Bg2 $6 (16. Be2 $1 Be6 17. Be3 $14 {xb6}) 16...
Be6 17. a4 (17. Be3 $2 Nc4 $15) 17... Rc8 $13 {Lau,R-Bönsch,U Graz (zt) 1993})
(8. g4 $2 Nc5 9. Bf3 $2 e5 10. Nb3 Nxg4 11. Bxg4 Qh4+ $19) 8... Bg7 9. g4 $1
O-O $6 (9... e5 $5 10. Nb3 exf4 11. Bxf4 (11. g5 Nh5 $1 12. Bxh5 Qxg5 13. Bf3
Qh4+ 14. Kf1 Ne5 $44) 11... O-O (11... Ne5 $2 12. Bxe5 dxe5 13. Qxd8+ Kxd8 14.
O-O-O+ Nd7 $8 15. g5 $16) 12. g5 (12. Qxd6 Nxg4 $15) (12. Bxd6 Re8 $44) 12...
Ne8 13. Qd2 Ne5 14. Be2 $14) 10. g5 Ne8 11. h4 e5 12. Nde2 exf4 13. Nxf4 Ne5
14. Be2 $1 $14 Nc7 15. Be3 Be6 16. Qd2 Bc4 (16... Nc4 17. Bxc4 Bxc4 18. Bd4 $16
) (16... Rc8 17. O-O-O $16) 17. O-O-O Nb5 $1 18. Ncd5 Bxe2 19. Qxe2 Rc8 $2 (
19... Qa5 20. Ne7+ (20. Kb1 Rfc8 $1 21. Ne7+ Kf8 22. Nxc8 Rxc8 $44) 20... Kh8
21. h5 Rfe8 $1 (21... Qxa2 22. hxg6 Nd3+ (22... Nxg6 $2 23. Nfxg6+ fxg6 24.
Rxh7+ Kxh7 25. Qh2+ Bh6 26. Qxh6#) (22... Qa1+ 23. Kd2 Qa5+ 24. c3 $18) 23.
Qxd3 $1 (23. Nxd3 $2 Bxb2+ 24. Nxb2 Qa1+ 25. Kd2 Qa5+ 26. Kc1 Qa1+ $10) 23...
Qxb2+ 24. Kd2 $18) 22. Nfd5 $1 $40 (22. hxg6 Rxe7 23. Rxh7+ (23. Qh5 Kg8) 23...
Kg8 24. Nd5 Nxg6 $13)) 20. Nb6 $16 Rc6 21. Nfd5 Re8 22. h5 $40 Re6 23. Rdf1 Nd7
24. hxg6 $1 hxg6 25. Qh2 $18 Rxb6 26. Bxb6 $138 (26. Qh7+ $1 Kf8 27. Rxf7+ $1
Kxf7 28. Rf1+ Nf6 (28... Ke8 29. Qg8+ Nf8 30. Qf7#) 29. gxf6 Rxf6 30. Rxf6+
Qxf6 31. Nxf6 Kxf6 32. Bxb6 $18) 26... Qxg5+ (26... Nxb6 27. Qh7+ Kf8 28. Rxf7+
Kxf7 29. Rf1+ Ke8 30. Qg8+ Kd7 31. Rf7+ Kc8 32. Nxb6+ $18) 27. Be3 Qe5 28. Qh7+
Kf8 29. c3 Qxe4 30. Bh6 Qxd5 $138 (30... Bxh6+ 31. Qxh6+ Ke8 32. Qh8+ Nf8 33.
Nf6+ Rxf6 34. Qxf6 $18) 31. Qxg7+ Ke8 {32.Qg8 Ke7 33.Rf7} 1-0